| 000 | 00538nam a22001937a 4500 | ||
|---|---|---|---|
| 999 |
_c18513 _d18513 |
||
| 003 | AR-CdUCM | ||
| 008 | 190504b ||||| |||| 00| 0 spa d | ||
| 040 |
_aMUNICIPALIDAD PROVINCIAL DEL CUSCO _cBIBLIOTECA MUNICIPAL DEL CUSCO |
||
| 082 |
_a869.56 / _bD65 |
||
| 100 |
_aDextre, Max. _936292 |
||
| 245 | _aLa nave de Orión / | ||
| 260 |
_aPerú : _bConcytec, _c1988. |
||
| 300 |
_a146 páginas ; _c22 cm. |
||
| 505 | _aContenido : Poemas. | ||
| 650 |
_aPoemas _9929 |
||
| 650 |
_aLiteratura _983 |
||
| 942 |
_2ddc _cLIBROS |
||
| 945 | _arcc | ||